000 00782nam a22002057a 4500
005 20250717155351.0
010 _aENG-146020
020 _c320.00
_a9788192606262
035 _aEN-129552
037 _bDBAD
082 _a201.7273
245 _aReligious Resources for Peace Work/
_cEdited By Pangernungba Kechu; Melvil Pereira [and] Atungo Shitri
260 _aGuwahati
_bNorth Eastern Social Research Centre
_c2024
270 _aNorth Eastern Social Research Centre Jagriti 2nd Floor, Arunodoi Path, GMCH Road, Christian Basti
_bGuwahati
_e781005
300 _a150p.
_c22cm(pb)
700 _aKechu, Pangernungba
_eEditor
_983065
700 _aPereira, Melvil
_eEditor
_983066
700 _aShitri, Atungo
_eEditor
_983067
942 _2ddc
_cEN
_mREL
_h201.7273
999 _c212417
_d212417